Εικόνες : ημερολόγιο 2023 = Icons, desk diary 2023

Αποθηκεύτηκε σε:
Λεπτομέρειες βιβλιογραφικής εγγραφής
Συλλογικό Έργο: Μουσείο Βυζαντινού Πολιτισμού, Σωματείο Φίλων Μουσείου Βυζαντινού Πολιτισμού
Μορφή: Βιβλίο
Γλώσσα:Greek
Δημοσίευση: Θεσσαλονίκη : Μουσείο Βυζαντινού Πολιτισμού, c2022.
Θέματα:
Ετικέτες: Προσθήκη ετικέτας
Δεν υπάρχουν, Καταχωρήστε ετικέτα πρώτοι!

MARC

LEADER 00000nam a2200000 a 4500
001 1/126040
008 230127s2022####gr | ||| |||| ||gre||
020 |a 9789609669122  |q (σκληρό εξώφυλλο) 
040 |a GR-MyUa  |b gre  |c GR-MyUa  |e AACR2 
041 1 |a gre  |k eng 
082 7 |a 889.092   |2 (23) 
245 0 0 |a Εικόνες :   |b ημερολόγιο 2023 = Icons, desk diary 2023 /   |c Μουσείο Βυζαντινού Πολιτισμού ; Σωματείο Φίλων Μουσείου Βυζαντινού Πολιτισμού = Museum of Byzantine Culture ; Association of the Friends of the Museum of Byzantine Culture. 
246 1 |i Παράλληλος τίτλος :   |a Icons :   |b desk diary 2023 
260 |a Θεσσαλονίκη :   |b Μουσείο Βυζαντινού Πολιτισμού,   |c c2022. 
300 |a 143 σ. :   |b έγχρ. εικ. ;   |c 22 εκ.  
504 |a Περιλαμβάνει βιβλιογραφικές παραπομπές. 
650 0 |a Greek diaries. 
650 0 |a Diaries. 
650 0 |a Icons, Byzantine  |z Greece. 
710 2 |a Μουσείο Βυζαντινού Πολιτισμού. 
710 2 |a Σωματείο Φίλων Μουσείου Βυζαντινού Πολιτισμού. 
852 |a INST  |b RHODES  |e 20230127  |h 889.092 ΕΙΚ  |p 005400043362  |q 005400043362  |t BK  |y 0 
970 |z 27-01-2023